00877cam a22002535a 450000100100000000500170001000800410002702000150006802000180008304000260010108200200012724500650014726000400021230000360025250400510028854100310033965000430037065100100041365300310042370000340045494200080048899900170049695201100051300872871220201128024233.0940124s1994 enka frb 001 0 eng d a0273601989 a9780273601982 aUkcUkbengdEG-ScBUE04222a658.87bCAS00aCases in retail management /cedited by Peter J. McGoldrick. aLondon :bPitman Publishing,c1994. axviii, 398 p. :bill. ;c24 cm. aIncludes bibliographical references and index. aDonation from David Kirby. 72BUEsh92304aRetail tradexManagement. 2BUEsh bGGENbBUSADMcFebruary20181 aMcGoldrick, Peter J.eeditor. 2ddc c26078d26050 00102ddc4070aMAINbMAINc1STd2018-02-04eDonationl0o658.87 CASp000047220r2025-07-15 00:00:00yBB